LDR 02115namaa2200421 i 4500 001 000000178672 003 CaOOAMICUS 005 20260417113118.0 008 260417s2025 it f 000 u ita r 020 $a978-88-288-6456-1(v.1)* 020 $a978-88-288-6458-5(v.2)* 020 $a978-88-288-6863-7(v.3)* 032 $aLibriCat 040 $aPUL$bita 082 14$a344.4501 245 10$aDiritto del lavoro /$cdiretto da Giovanni Amoroso, Vincenzo Di Cerbo, Arturo Maresca. 260 $aMilano :$bLefebvre Giuffrè,$c©2025. 300 $a3 voll.; $c24 cm 336 $atesto$btxt$2rdacontent 337 $asenza mediazione$bn$2rdamedia 338 $avolume$bnc$2rdacarrier 504 $aBibliografia in nota a piè pagina. 650 4$aDiritto del lavoro$zItalia.$0(OLS)http://pul/subject/2593 700 1 $aAmoroso, Giovanni,$d1949- ,$edirettore di pubblicazione.$0(OLS)http://pul/name/72187 700 1 $aMaresca, Arturo,$d1951-,$edirettore di pubblicazione.$0(OLS)http://pul/name/73906 700 1 $aDi Cerbo, Vincenzo,$edirettore di pubblicazione.$0(OLS)http://pul/name/89867 850 $aPUL 852 $aPUL$W1$xSL Diritto e Scienze Sociali 3$y79$m344. 4501 AMOGI 2.1$j202439$qDDC 21$q$av.1$B207839$CPULBib$Z2$F207839 $H138522 $82 852 $aPUL$W1$xDP1 Diritto e Scienze Sociali 3$y91$m344. 4501 AMOGI 2.2$j202440$qDDC 21$q$av.2$B207840$CPULBib$Z2$F207840 $H138523 $82 852 $aPUL$W1$xSL Diritto e Scienze Sociali 3$y79$m344. 4501 AMOGI 2.3$j202441$qDDC 21$q$av.3$B207841$CPULBib$Z2$F207841 $H138524 $82 941 1 $a9 996 $6020$a978-88-288-6456-1(v.1)*$9(OLS)http://pul/number/170932 996 $6020$a978-88-288-6458-5(v.2)*$9(OLS)http://pul/number/170933 996 $6020$a978-88-288-6863-7(v.3)*$9(OLS)http://pul/number/170934 996 $6082$a344.4501$9(OLS)http://pul/classification/1851 996 $6245$aDiritto del lavoro$9(OLS)http://pul/title/53432 996 $6260$aMilano :$bLefebvre Giuffrè$9(OLS)http://pul/publisher/87700